[Event "SK Münster 32 IV-SC Steinfurt 1"]
[Site "?"]
[Date "2023.09.09"]
[Round "1.1"]
[White "Rieke, Theo"]
[Black "Jansen, Dirk"]
[Result "1/2-1/2"]
[WhiteElo "1962"]
[BlackElo "2113"]
[PlyCount "23"]
[EventDate "2023.??.??"]
[SourceTitle "Verband Muensterland"]
[SourceDate "2023.10.23"]
[SourceVersion "1"]
[SourceVersionDate "2023.10.23"]
[SourceQuality "1"]
[WhiteTeam "Steinfurt"]
[BlackTeam "Muenster SK IV"]
[WhiteTeamCountry "GER"]
[BlackTeamCountry "GER"]

1. e4 e6 2. d4 d5 3. Nd2 c5 4. exd5 exd5 5. Bb5+ Nc6 6. Qe2+ Be7 7. dxc5 Nf6 8.
Nb3 O-O 9. Be3 Re8 10. Nf3 Ne4 11. O-O Nxc5 12. Nfd4 1/2-1/2

[Event "SK Münster 32 IV-SC Steinfurt 1"]
[Site "?"]
[Date "2023.09.09"]
[Round "1.2"]
[White "Vogenauer, Nikolas"]
[Black "Arning, Marcus"]
[Result "0-1"]
[WhiteElo "1896"]
[BlackElo "1980"]
[PlyCount "72"]
[EventDate "2023.??.??"]
[SourceTitle "Verband Muensterland"]
[SourceDate "2023.10.23"]
[SourceVersion "1"]
[SourceVersionDate "2023.10.23"]
[SourceQuality "1"]
[WhiteTeam "Muenster SK IV"]
[BlackTeam "Steinfurt"]
[WhiteTeamCountry "GER"]
[BlackTeamCountry "GER"]

1. Nf3 d5 2. e3 Nc6 3. d4 Bg4 4. Be2 e6 5. Nbd2 Nf6 6. O-O Bd6 7. c4 O-O 8. a3
Ne4 9. Nxe4 dxe4 10. Nd2 Bxe2 11. Qxe2 f5 12. b4 a6 13. Bb2 Qe8 14. Bc3 Rd8 15.
Rfb1 Na7 16. c5 Be7 17. a4 c6 18. Rd1 Bf6 19. f4 Kh8 20. Nc4 Nc8 21. Ra2 Rg8
22. Be1 h6 23. Kh1 Rd7 24. Bg3 g5 25. Rb1 Rdg7 26. Qf1 Ne7 27. Nd6 Qh5 28. b5
axb5 29. axb5 Nd5 30. Rb3 gxf4 31. Bxf4 Nxf4 32. exf4 Bxd4 33. Rh3 Qxh3 34.
Nf7+ Kh7 35. Ng5+ Rxg5 36. fxg5 Qb3 0-1

[Event "SK Münster 32 IV-SC Steinfurt 1"]
[Site "?"]
[Date "2023.09.09"]
[Round "1.4"]
[White "Leder, Nils"]
[Black "Janning, Rainer"]
[Result "0-1"]
[WhiteElo "1906"]
[BlackElo "1904"]
[PlyCount "88"]
[EventDate "2023.??.??"]
[SourceTitle "Verband Muensterland"]
[SourceDate "2023.10.23"]
[SourceVersion "1"]
[SourceVersionDate "2023.10.23"]
[SourceQuality "1"]
[WhiteTeam "Muenster SK IV"]
[BlackTeam "Steinfurt"]
[WhiteTeamCountry "GER"]
[BlackTeamCountry "GER"]

1. Nf3 b6 2. c4 Bb7 3. Nc3 g6 4. d4 Bg7 5. Bf4 f5 6. Qd2 Nf6 7. Bh6 O-O 8. Bxg7
Kxg7 9. e3 e6 10. h4 Qe7 11. Ne5 d6 12. Nd3 Nbd7 13. f3 e5 14. O-O-O e4 15. Nf4
exf3 16. d5 Kh8 17. gxf3 Rfe8 18. Re1 Ne5 19. Be2 Nf7 20. Bd1 Ne5 21. Qd4 Ba6
22. b3 Bc8 23. Rhg1 Nf7 24. Rxg6 Ne5 25. Rgg1 Bd7 26. h5 Rg8 27. e4 Qf7 28.
exf5 Rxg1 29. Rxg1 Bxf5 30. Rg5 Bd7 31. Ne6 Bxe6 32. dxe6 Qxe6 33. Nd5 Nxd5 34.
cxd5 Qf6 35. Rg3 Rf8 36. f4 Qxf4+ 37. Qxf4 Rxf4 38. Rc3 Rf7 39. Kd2 Kg7 40.
Rg3+ Kh6 41. Rg8 a5 42. Re8 Nd7 43. Re6+ Nf6 44. Bf3 Kg5 0-1

[Event "SK Münster 32 IV-SC Steinfurt 1"]
[Site "?"]
[Date "2023.09.09"]
[Round "1.5"]
[White "Haselhorst, Helmut"]
[Black "Voss, Norbert"]
[Result "1-0"]
[WhiteElo "1985"]
[BlackElo "1892"]
[PlyCount "67"]
[EventDate "2023.??.??"]
[SourceTitle "Verband Muensterland"]
[SourceDate "2023.10.23"]
[SourceVersion "1"]
[SourceVersionDate "2023.10.23"]
[SourceQuality "1"]
[WhiteTeam "Steinfurt"]
[BlackTeam "Muenster SK IV"]
[WhiteTeamCountry "GER"]
[BlackTeamCountry "GER"]

1. e4 d6 2. d4 Nf6 3. Nc3 c6 4. a4 Qa5 5. Bd2 Qc7 6. f4 Bg4 7. Nf3 Nbd7 8. Bd3
e5 9. Be3 Be7 10. O-O O-O 11. Qd2 Rfe8 12. Kh1 Bf8 13. Rae1 a6 14. Nd1 b5 15.
axb5 axb5 16. Nf2 Bxf3 17. gxf3 Qa5 18. c3 c5 19. Ng4 exd4 20. Nxf6+ Nxf6 21.
cxd4 c4 22. Bb1 b4 23. d5 c3 24. Qd4 cxb2 25. Rg1 Kh8 26. Qxb2 Qa3 27. Qg2 g6
28. f5 Nxd5 29. Bd4+ Bg7 30. Bxg7+ Kxg7 31. exd5 Rxe1 32. Rxe1 Qc3 33. Rf1 b3
34. f4 1-0

[Event "SK Münster 32 IV-SC Steinfurt 1"]
[Site "?"]
[Date "2023.09.09"]
[Round "1.6"]
[White "Schulz, Stefan"]
[Black "Raus, Michael"]
[Result "1-0"]
[WhiteElo "1972"]
[BlackElo "1906"]
[PlyCount "87"]
[EventDate "2023.??.??"]
[SourceTitle "Verband Muensterland"]
[SourceDate "2023.10.23"]
[SourceVersion "1"]
[SourceVersionDate "2023.10.23"]
[SourceQuality "1"]
[WhiteTeam "Muenster SK IV"]
[BlackTeam "Steinfurt"]
[WhiteTeamCountry "GER"]
[BlackTeamCountry "GER"]

1. d4 e6 2. Nf3 b6 3. g3 Bb7 4. Bg2 f5 5. O-O Nf6 6. c4 Be7 7. Nc3 Ne4 8. Qc2
Nxc3 9. Qxc3 d6 10. Rd1 Qc8 11. Bg5 Bxg5 12. Nxg5 Bxg2 13. Kxg2 h6 14. Qf3 hxg5
15. Qxa8 a5 16. e4 f4 17. e5 Ke7 18. Qe4 Rh6 19. Rh1 Qe8 20. g4 Nc6 21. exd6+
cxd6 22. f3 Qd7 23. h4 gxh4 24. Qxf4 e5 25. Rae1 Kd8 26. Qg5+ Kc7 27. d5 Nd4
28. Rxh4 Rf6 29. Re3 Qf7 30. Rh8 Kb7 31. f4 Rxf4 32. Qd8 Rf2+ 33. Kh3 Rf3+ 34.
Kh4 Qf6+ 35. Qxf6 Rxf6 36. Rh7 Rf2 37. Rxg7+ Kc8 38. Rh3 Rf8 39. Kg5 Ne2 40.
Rhh7 Nc1 41. Ra7 Kb8 42. Rhb7+ Kc8 43. Rxb6 Rg8+ 44. Kf5 1-0

[Event "SK Münster 32 IV-SC Steinfurt 1"]
[Site "?"]
[Date "2023.09.09"]
[Round "1.7"]
[White "Bahceci, Caner"]
[Black "Boerger, Andreas"]
[Result "0-1"]
[WhiteElo "1763"]
[BlackElo "1772"]
[PlyCount "26"]
[EventDate "2023.??.??"]
[SourceTitle "Verband Muensterland"]
[SourceDate "2023.10.23"]
[SourceVersion "1"]
[SourceVersionDate "2023.10.23"]
[SourceQuality "1"]
[WhiteTeam "Steinfurt"]
[BlackTeam "Muenster SK IV"]
[WhiteTeamCountry "GER"]
[BlackTeamCountry "GER"]

1. e4 e6 2. d4 d5 3. Nc3 dxe4 4. Nxe4 Be7 5. Nf3 Nf6 6. Bd3 Bd7 7. O-O Bc6 8.
Qe2 Nbd7 9. Rd1 O-O 10. Ne5 Bxe4 11. Bxe4 Nxe4 12. Qxe4 Nxe5 13. dxe5 Qxd1+ 0-1

[Event "SK Münster 32 IV-SC Steinfurt 1"]
[Site "?"]
[Date "2023.09.09"]
[Round "1.8"]
[White "Schoepper, Oliver"]
[Black "Raue, Thorsten"]
[Result "1-0"]
[WhiteElo "1741"]
[BlackElo "1775"]
[PlyCount "85"]
[EventDate "2023.??.??"]
[SourceTitle "Verband Muensterland"]
[SourceDate "2023.10.23"]
[SourceVersion "1"]
[SourceVersionDate "2023.10.23"]
[SourceQuality "1"]
[WhiteTeam "Muenster SK IV"]
[BlackTeam "Steinfurt"]
[WhiteTeamCountry "GER"]
[BlackTeamCountry "GER"]

1. d4 Nf6 2. c4 c5 3. d5 e6 4. Nc3 exd5 5. cxd5 d6 6. e4 g6 7. f4 Bg7 8. Bb5+
Nfd7 9. Bd3 O-O 10. Nf3 Re8 11. O-O Na6 12. a3 Nc7 13. Qc2 a6 14. a4 Rb8 15. a5
b5 16. axb6 Nxb6 17. Nd2 Bd7 18. Nc4 Nxc4 19. Bxc4 Bb5 20. Nxb5 axb5 21. Be2
Bd4+ 22. Kh1 Ra8 23. Rxa8 Qxa8 24. f5 gxf5 25. Rxf5 Re5 26. Rf3 Qe8 27. Rg3+
Kh8 28. Bf3 Nxd5 29. Bh6 Re6 30. Qd2 Nb6 31. h4 Rg6 32. Rh3 Nc4 33. Qc1 Bxb2
34. Qf4 Be5 35. Qc1 Qe6 36. Bg5 h6 37. Bh5 Rg7 38. Bd8 Bd4 39. Qf4 Be5 40. Qc1
Bf6 41. Qxh6+ Kg8 42. Bxf6 Rh7 43. Rg3+ 1-0

[Event "SC Gronau 1-TV Borken 1"]
[Site "?"]
[Date "2023.09.09"]
[Round "1.1"]
[White "Schroer, Klaus"]
[Black "Kamphuis, Jasper"]
[Result "1-0"]
[WhiteElo "2125"]
[BlackElo "2099"]
[PlyCount "69"]
[EventDate "2023.??.??"]
[SourceTitle "Verband Muensterland"]
[SourceDate "2023.10.23"]
[SourceVersion "1"]
[SourceVersionDate "2023.10.23"]
[SourceQuality "1"]
[WhiteTeam "Borken"]
[BlackTeam "Gronau"]
[WhiteTeamCountry "GER"]
[BlackTeamCountry "GER"]

1. b3 e5 2. Bb2 Nc6 3. e3 d5 4. Bb5 Bd6 5. Nf3 Qe7 6. d4 e4 7. Ne5 Bd7 8. Nxd7
Qxd7 9. c4 Nf6 10. Nc3 a6 11. Ba4 b5 12. cxb5 Nb4 13. bxa6 c6 14. O-O Ng4 15.
h3 Nh2 16. Rc1 Rxa6 17. Ba3 Nxf1 18. Bxb4 Bxb4 19. Qxf1 Qb7 20. Nxd5 Rxa4 21.
bxa4 Bd6 22. Qc4 O-O 23. Qxc6 Qb2 24. Rc2 Qb1+ 25. Rc1 Qb2 26. Qc2 Qb7 27. Qxe4
Qb8 28. Qc2 f5 29. Qb3 Qd8 30. Nf4+ Rf7 31. Ne6 Qa5 32. Rc8+ Bf8 33. Rxf8+ Rxf8
34. Ng5+ Kh8 35. Nf7+ 1-0

[Event "SC Gronau 1-TV Borken 1"]
[Site "?"]
[Date "2023.09.09"]
[Round "1.2"]
[White "Monsma, Menno"]
[Black "Schulze Schwering, Philipp"]
[Result "1/2-1/2"]
[WhiteElo "2046"]
[BlackElo "2015"]
[PlyCount "63"]
[EventDate "2023.??.??"]
[SourceTitle "Verband Muensterland"]
[SourceDate "2023.10.23"]
[SourceVersion "1"]
[SourceVersionDate "2023.10.23"]
[SourceQuality "1"]
[WhiteTeam "Gronau"]
[BlackTeam "Borken"]
[WhiteTeamCountry "GER"]
[BlackTeamCountry "GER"]

1. e4 c6 2. d4 d5 3. exd5 cxd5 4. c4 Nf6 5. Nc3 Nc6 6. Nf3 Bg4 7. cxd5 Nxd5 8.
Qb3 Bxf3 9. gxf3 e6 10. Qxb7 Nxd4 11. Bb5+ Nxb5 12. Qc6+ Ke7 13. Qc5+ Ke8 14.
Qc6+ Ke7 15. Qxb5 Qd7 16. Nxd5+ Qxd5 17. Qxd5 exd5 18. Be3 Ke6 19. O-O Bb4 20.
a3 Ba5 21. b4 Bb6 22. Rfe1 Kf6 23. Rad1 Rhd8 24. Bd4+ Bxd4 25. Rxd4 Rd7 26. f4
Rc8 27. Red1 Rc3 28. a4 Rb3 29. a5 Rb7 30. Rxd5 R3xb4 31. Kg2 Ra4 32. Kg3
1/2-1/2

[Event "SC Gronau 1-TV Borken 1"]
[Site "?"]
[Date "2023.09.09"]
[Round "1.3"]
[White "Boldrick, Marcel"]
[Black "Luetkehermoelle, Martin"]
[Result "1-0"]
[WhiteElo "1736"]
[BlackElo "1951"]
[PlyCount "69"]
[EventDate "2023.??.??"]
[SourceTitle "Verband Muensterland"]
[SourceDate "2023.10.23"]
[SourceVersion "1"]
[SourceVersionDate "2023.10.23"]
[SourceQuality "1"]
[WhiteTeam "Borken"]
[BlackTeam "Gronau"]
[WhiteTeamCountry "GER"]
[BlackTeamCountry "GER"]

1. e4 d5 2. exd5 Qxd5 3. Nc3 Qd6 4. Bc4 Nf6 5. d3 c6 6. Nge2 Bg4 7. f3 Bh5 8.
g4 Bg6 9. h4 h5 10. g5 Nd5 11. Bxd5 cxd5 12. Nf4 e6 13. Qe2 Bf5 14. Nfxd5 Na6
15. Bf4 Qc6 16. Ne3 O-O-O 17. Nc4 f6 18. Ne4 e5 19. Be3 Bb4+ 20. Kf2 Be6 21.
Ned2 Rhf8 22. a3 Bc5 23. b4 Bd4 24. Rab1 Nc7 25. Na5 Qxc2 26. Rhc1 Qa4 27. Ne4
Qxa3 28. Qc2 Rf7 29. Bxd4 Rxd4 30. Nc5 Rxh4 31. Kg3 Rxb4 32. Ra1 h4+ 33. Kf2
Qb2 34. Nxe6 fxg5 35. Ra2 1-0

[Event "SC Gronau 1-TV Borken 1"]
[Site "?"]
[Date "2023.09.09"]
[Round "1.4"]
[White "Reckzuegel, Philipp"]
[Black "Beckmann, David"]
[Result "1/2-1/2"]
[WhiteElo "1832"]
[BlackElo "2017"]
[PlyCount "134"]
[EventDate "2023.??.??"]
[SourceTitle "Verband Muensterland"]
[SourceDate "2023.10.23"]
[SourceVersion "1"]
[SourceVersionDate "2023.10.23"]
[SourceQuality "1"]
[WhiteTeam "Gronau"]
[BlackTeam "Borken"]
[WhiteTeamCountry "GER"]
[BlackTeamCountry "GER"]

1. Nf3 d5 2. d4 Nf6 3. g3 e6 4. Bg2 c5 5. c3 Nc6 6. O-O b6 7. Nbd2 cxd4 8. cxd4
Bd6 9. b3 O-O 10. Bb2 Bb7 11. Rc1 Rc8 12. Ne5 Qe7 13. Ndf3 Nb4 14. a3 Nc6 15.
b4 a6 16. Qd3 Na7 17. Rxc8 Rxc8 18. Ng5 Rf8 19. Rc1 h6 20. Ngf3 Rc8 21. Rxc8+
Nxc8 22. Qc2 Qc7 23. Qxc7 Bxc7 24. Nd2 Nd6 25. Kf1 Kf8 26. Ke1 Ke7 27. a4 Nd7
28. Ba3 Nxe5 29. dxe5 Nf5 30. b5+ Ke8 31. Bb2 axb5 32. axb5 Bc8 33. e4 Ne7 34.
f4 Bd7 35. Bf1 g5 36. Bd4 gxf4 37. gxf4 Ng6 38. f5 Nxe5 39. fxe6 Bxe6 40. Bg2
Nd3+ 41. Kf1 Nf4 42. exd5 Bxd5 43. Bxd5 Nxd5 44. h3 Kd7 45. Nc4 Ke6 46. Kf2 Kf5
47. Kf3 h5 48. Bg1 Kg5 49. Bf2 f6 50. Bd4 Kf5 51. Bf2 Ke6 52. Bd4 f5 53. Bg1
Kd7 54. Bd4 Ke6 55. Bg1 Nc3 56. Bxb6 Bxb6 57. Nxb6 Nxb5 58. Kf4 Kf6 59. Nd5+
Ke6 60. Ne3 Nd4 61. Kg5 h4 62. Kxh4 f4 63. Ng2 f3 64. Nf4+ Kf5 65. Kg3 Ke4 66.
Ng2 Ne2+ 67. Kf2 Nd4 1/2-1/2

[Event "SC Gronau 1-TV Borken 1"]
[Site "?"]
[Date "2023.09.09"]
[Round "1.5"]
[White "Vijayakumaran, Vithoosan"]
[Black "Hoge, Torsten"]
[Result "0-1"]
[WhiteElo "1616"]
[BlackElo "1895"]
[PlyCount "48"]
[EventDate "2023.??.??"]
[SourceTitle "Verband Muensterland"]
[SourceDate "2023.10.23"]
[SourceVersion "1"]
[SourceVersionDate "2023.10.23"]
[SourceQuality "1"]
[WhiteTeam "Borken"]
[BlackTeam "Gronau"]
[WhiteTeamCountry "GER"]
[BlackTeamCountry "GER"]

1. c4 e5 2. g3 Nc6 3. Bg2 Bc5 4. Nc3 a6 5. a3 d6 6. Nf3 Ba7 7. d3 Nge7 8. b4
Nf5 9. Rb1 h5 10. h4 O-O 11. Ng5 Nh6 12. e3 Bg4 13. Bf3 Qd7 14. b5 axb5 15.
Bxg4 Nxg4 16. cxb5 Nd8 17. a4 Ne6 18. Qf3 Nc5 19. Qe2 Bb6 20. O-O Nxa4 21. Nxa4
Rxa4 22. Qf3 d5 23. Bb2 Ra2 24. Bxe5 f6 0-1

[Event "SC Gronau 1-TV Borken 1"]
[Site "?"]
[Date "2023.09.09"]
[Round "1.6"]
[White "Langendijk, Andre"]
[Black "Klueppel, Ralf"]
[Result "1-0"]
[WhiteElo "1863"]
[BlackElo "1712"]
[PlyCount "89"]
[EventDate "2023.??.??"]
[SourceTitle "Verband Muensterland"]
[SourceDate "2023.10.23"]
[SourceVersion "1"]
[SourceVersionDate "2023.10.23"]
[SourceQuality "1"]
[WhiteTeam "Gronau"]
[BlackTeam "Borken"]
[WhiteTeamCountry "GER"]
[BlackTeamCountry "GER"]

1. d4 d5 2. Bg5 g6 3. e3 Bg7 4. c4 Nf6 5. Nc3 Ne4 6. Bf4 Nxc3 7. bxc3 c5 8. Nf3
cxd4 9. cxd4 Nc6 10. cxd5 Qxd5 11. Be2 Qa5+ 12. Qd2 Qxd2+ 13. Kxd2 Bf5 14. Rhc1
O-O 15. Bb5 Be4 16. Bd3 Bxd3 17. Kxd3 Rfd8 18. Ke2 Rdc8 19. Rab1 b6 20. Rb3
Nxd4+ 21. exd4 Rxc1 22. Bxc1 Rc8 23. Kd1 Rd8 24. Kc2 Kf8 25. Be3 h5 26. Rc3 Ke8
27. Rc7 Rd7 28. Rc8+ Rd8 29. Rxd8+ Kxd8 30. Kd3 Bf6 31. Kc4 Kc7 32. Bg5 a6 33.
Bxf6 exf6 34. d5 Kd6 35. Nd4 b5+ 36. Nxb5+ axb5+ 37. Kxb5 Kxd5 38. a4 Kd4 39.
a5 Kd3 40. a6 Ke2 41. a7 Kxf2 42. a8=Q f5 43. Qf3+ Kg1 44. h4 f6 45. Qg3 1-0

[Event "SC Gronau 1-TV Borken 1"]
[Site "?"]
[Date "2023.09.09"]
[Round "1.7"]
[White "Schmidt, Sebastian"]
[Black "Rothkegel, Juergen"]
[Result "0-1"]
[WhiteElo "1688"]
[BlackElo "1882"]
[PlyCount "78"]
[EventDate "2023.??.??"]
[SourceTitle "Verband Muensterland"]
[SourceDate "2023.10.23"]
[SourceVersion "1"]
[SourceVersionDate "2023.10.23"]
[SourceQuality "1"]
[WhiteTeam "Borken"]
[BlackTeam "Gronau"]
[WhiteTeamCountry "GER"]
[BlackTeamCountry "GER"]

1. e4 c5 2. Nf3 d6 3. d4 cxd4 4. Nxd4 Nf6 5. Nc3 a6 6. a4 e5 7. Nb3 Be6 8. Be2
Be7 9. O-O O-O 10. Be3 Nbd7 11. Kh1 Rc8 12. f4 exf4 13. Rxf4 Ne5 14. Nd5 Nxd5
15. exd5 Bd7 16. Rb4 Rb8 17. Ba7 Ra8 18. Be3 Qc8 19. Nd2 Bf5 20. c3 Nd3 21. Rc4
Qd7 22. Qb3 b5 23. axb5 axb5 24. Rxa8 Rxa8 25. Rc6 Ra1+ 26. Bf1 Ne5 27. Bg1
Nxc6 28. dxc6 Qxc6 29. Bxb5 Qb6 30. Nf3 Bg4 31. Bc4 Qxb3 32. Bxb3 Rb1 33. Bd5
Rxb2 34. h3 Be6 35. Be4 Bc4 36. Bd4 d5 37. Bf5 g6 38. Bd7 Bd6 39. Ne5 Rb1+ 0-1

[Event "SC Gronau 1-TV Borken 1"]
[Site "?"]
[Date "2023.09.09"]
[Round "1.8"]
[White "Reinhold, Klaus"]
[Black "Goos, Jurgen"]
[Result "1-0"]
[WhiteElo "1971"]
[BlackElo "1427"]
[PlyCount "33"]
[EventDate "2023.??.??"]
[SourceTitle "Verband Muensterland"]
[SourceDate "2023.10.23"]
[SourceVersion "1"]
[SourceVersionDate "2023.10.23"]
[SourceQuality "1"]
[WhiteTeam "Gronau"]
[BlackTeam "Borken"]
[WhiteTeamCountry "GER"]
[BlackTeamCountry "GER"]

1. d4 d5 2. c4 e6 3. Nf3 Nf6 4. Nc3 Be7 5. Bf4 O-O 6. e3 a6 7. Bd3 Re8 8. O-O
c5 9. dxc5 Bxc5 10. Qc2 h6 11. Rfd1 Qb6 12. cxd5 exd5 13. Na4 Qc6 14. Nxc5 b6
15. Nb3 Qe6 16. Nbd4 Qe7 17. Bxb8 1-0

[Event "SC Bocholt 1-SC Rochade Emsdetten 1"]
[Site "?"]
[Date "2023.09.09"]
[Round "1.1"]
[White "Mueller, Achim"]
[Black "Fuest, Martin"]
[Result "0-1"]
[WhiteElo "2087"]
[BlackElo "2231"]
[PlyCount "98"]
[EventDate "2023.??.??"]
[SourceTitle "Verband Muensterland"]
[SourceDate "2023.10.23"]
[SourceVersion "1"]
[SourceVersionDate "2023.10.23"]
[SourceQuality "1"]
[WhiteTeam "Emsdetten Rochade"]
[BlackTeam "Bocholt"]
[WhiteTeamCountry "GER"]
[BlackTeamCountry "GER"]

1. e4 c6 2. d4 d5 3. exd5 cxd5 4. Bd3 Nc6 5. c3 Nf6 6. h3 g6 7. Nf3 Bf5 8. O-O
Bg7 9. Re1 Bxd3 10. Qxd3 O-O 11. Bf4 e6 12. Nbd2 Nd7 13. Re2 a5 14. a4 Qb6 15.
Qb5 Rfc8 16. Nb3 Bf8 17. Ree1 Qa6 18. Ne5 Ncxe5 19. dxe5 Qxb5 20. axb5 a4 21.
Nd4 a3 22. Bc1 axb2 23. Bxb2 Nb6 24. Rxa8 Rxa8 25. Ra1 Rxa1+ 26. Bxa1 Nc4 27.
f4 Bc5 28. Kf2 Na3 29. Ke2 Bxd4 30. cxd4 Nxb5 31. Bb2 Kf8 32. g4 Ke7 33. g5 Kd7
34. Kd3 Kc6 35. Kc2 Na7 36. Kb3 Kb5 37. Ba3 Nc6 38. Bb2 Na5+ 39. Kc3 Ka4 40.
Bc1 b5 41. Bd2 b4+ 42. Kc2 Ka3 43. Bc1+ Ka2 44. Bb2 Nc4 45. Bc1 Na3+ 46. Kd3
Kb1 47. Bd2 b3 48. Kc3 Ka2 49. Bc1 Nb5+ 0-1

[Event "SC Bocholt 1-SC Rochade Emsdetten 1"]
[Site "?"]
[Date "2023.09.09"]
[Round "1.2"]
[White "Kuhlenbaeumer, Willi"]
[Black "Lemli, Thomas"]
[Result "1/2-1/2"]
[WhiteElo "2008"]
[BlackElo "2046"]
[PlyCount "36"]
[EventDate "2023.??.??"]
[SourceTitle "Verband Muensterland"]
[SourceDate "2023.10.23"]
[SourceVersion "1"]
[SourceVersionDate "2023.10.23"]
[SourceQuality "1"]
[WhiteTeam "Bocholt"]
[BlackTeam "Emsdetten Rochade"]
[WhiteTeamCountry "GER"]
[BlackTeamCountry "GER"]

1. e4 c6 2. d4 d5 3. e5 c5 4. dxc5 e6 5. Nf3 Bxc5 6. Bd3 Nc6 7. O-O Nge7 8. c3
Ng6 9. Re1 O-O 10. b4 Be7 11. b5 Na5 12. Be3 Bd7 13. g3 Rc8 14. h4 f6 15. Bd4
fxe5 16. Nxe5 Nxe5 17. Rxe5 Qe8 18. Rh5 Rf5 1/2-1/2

[Event "SC Bocholt 1-SC Rochade Emsdetten 1"]
[Site "?"]
[Date "2023.09.09"]
[Round "1.3"]
[White "Nordholt, Uwe"]
[Black "Steiner, Karl"]
[Result "1-0"]
[WhiteElo "1871"]
[BlackElo "1969"]
[PlyCount "123"]
[EventDate "2023.??.??"]
[SourceTitle "Verband Muensterland"]
[SourceDate "2023.10.23"]
[SourceVersion "1"]
[SourceVersionDate "2023.10.23"]
[SourceQuality "1"]
[WhiteTeam "Emsdetten Rochade"]
[BlackTeam "Bocholt"]
[WhiteTeamCountry "GER"]
[BlackTeamCountry "GER"]

1. d4 Nf6 2. c4 e6 3. Nf3 b6 4. Nc3 Bb7 5. Bg5 Be7 6. Bxf6 Bxf6 7. e4 d6 8. Bd3
Nc6 9. Be2 e5 10. d5 Ne7 11. Qa4+ Qd7 12. Qxd7+ Kxd7 13. O-O h5 14. b4 Ba6 15.
Rfe1 g5 16. c5 Bxe2 17. Rxe2 bxc5 18. bxc5 Rhb8 19. Rc1 g4 20. Ne1 Bg5 21. Rcc2
f5 22. f3 Bh6 23. c6+ Kd8 24. Nd3 fxe4 25. fxe4 Ng6 26. g3 Rb6 27. Kg2 Ke7 28.
Rf2 Rf8 29. Rxf8 Kxf8 30. Kf2 Bg5 31. a4 a6 32. Ke2 Ke8 33. Rb2 Rxb2+ 34. Nxb2
Bc1 35. Nc4 Kd8 36. Na2 Bg5 37. Nb4 Ne7 38. Nxa6 Nc8 39. Nb4 Na7 40. Nc2 Kc8
41. N2a3 Be7 42. Nb5 Kb8 43. Ne3 Nxb5 44. axb5 Ka7 45. Nc4 Bf8 46. Kd3 Be7 47.
Kc3 Bf8 48. Kb4 Be7 49. Ka5 Bd8 50. Ka4 Be7 51. b6+ cxb6 52. Kb5 Kb8 53. Nxb6
Bg5 54. Ka6 h4 55. Nc4 hxg3 56. hxg3 Kc7 57. Na3 Be3 58. Nb5+ Kb8 59. Nxd6 Bf2
60. Nf5 Kc7 61. Kb5 Kc8 62. d6 1-0

[Event "SC Bocholt 1-SC Rochade Emsdetten 1"]
[Site "?"]
[Date "2023.09.09"]
[Round "1.4"]
[White "Sell, Markus"]
[Black "Wissing, Philipp"]
[Result "1/2-1/2"]
[WhiteElo "1853"]
[BlackElo "1800"]
[PlyCount "77"]
[EventDate "2023.??.??"]
[SourceTitle "Verband Muensterland"]
[SourceDate "2023.10.23"]
[SourceVersion "1"]
[SourceVersionDate "2023.10.23"]
[SourceQuality "1"]
[WhiteTeam "Bocholt"]
[BlackTeam "Emsdetten Rochade"]
[WhiteTeamCountry "GER"]
[BlackTeamCountry "GER"]

1. d4 Nf6 2. Nf3 c5 3. d5 e6 4. Nc3 exd5 5. Nxd5 Nxd5 6. Qxd5 Nc6 7. c3 d6 8.
Bf4 Be6 9. Qd2 h6 10. e4 d5 11. exd5 Qxd5 12. Qxd5 Bxd5 13. Be2 O-O-O 14. O-O
Bd6 15. Bxd6 Rxd6 16. Rfd1 Rhd8 17. Kf1 Kc7 18. b3 a6 19. c4 Bxf3 20. Bxf3
Rxd1+ 21. Rxd1 Rxd1+ 22. Bxd1 Nd4 23. Ke1 Kd6 24. Kd2 Ke5 25. Ke3 g5 26. g3 f5
27. f4+ Kf6 28. b4 b6 29. Ba4 g4 30. Bd1 Ke6 31. bxc5 bxc5 32. Kd3 Kd6 33. a3
Kc6 34. Ke3 Kb6 35. Kd3 Ka5 36. Ke3 h5 37. Kf2 Ne6 38. Bc2 Nd4 39. Bd1 1/2-1/2

[Event "SC Bocholt 1-SC Rochade Emsdetten 1"]
[Site "?"]
[Date "2023.09.09"]
[Round "1.5"]
[White "Hemmers, Dieter"]
[Black "Burike, Christian"]
[Result "1-0"]
[WhiteElo "1816"]
[BlackElo "1667"]
[PlyCount "37"]
[EventDate "2023.??.??"]
[SourceTitle "Verband Muensterland"]
[SourceDate "2023.10.23"]
[SourceVersion "1"]
[SourceVersionDate "2023.10.23"]
[SourceQuality "1"]
[WhiteTeam "Emsdetten Rochade"]
[BlackTeam "Bocholt"]
[WhiteTeamCountry "GER"]
[BlackTeamCountry "GER"]

1. e4 e6 2. d4 d5 3. Nc3 dxe4 4. Nxe4 Nd7 5. Nf3 Be7 6. Bd3 Ngf6 7. Ng3 b6 8.
O-O Bb7 9. c4 O-O 10. h3 c5 11. Be3 Qc7 12. Qe2 cxd4 13. Bxd4 Nc5 14. Be5 Qc6
15. Bc2 Rfd8 16. Rfd1 Nfe4 17. Nxe4 Nxe4 18. Nd4 Ng3 19. fxg3 1-0

[Event "SC Bocholt 1-SC Rochade Emsdetten 1"]
[Site "?"]
[Date "2023.09.09"]
[Round "1.6"]
[White "Hunhoff, Andreas"]
[Black "Bahr, Maximilian"]
[Result "1-0"]
[WhiteElo "1755"]
[BlackElo "1803"]
[PlyCount "65"]
[EventDate "2023.??.??"]
[SourceTitle "Verband Muensterland"]
[SourceDate "2023.10.23"]
[SourceVersion "1"]
[SourceVersionDate "2023.10.23"]
[SourceQuality "1"]
[WhiteTeam "Bocholt"]
[BlackTeam "Emsdetten Rochade"]
[WhiteTeamCountry "GER"]
[BlackTeamCountry "GER"]

1. f4 d5 2. Nf3 Nf6 3. e3 e6 4. Be2 c5 5. O-O Nc6 6. d4 Bd6 7. c3 O-O 8. Ne5 a6
9. Nd2 Bd7 10. Bd3 Ne7 11. Qe2 Rc8 12. Rf3 Re8 13. Rh3 Ng6 14. Nf1 cxd4 15.
exd4 Bc6 16. Ng3 Qb6 17. Be3 Qc7 18. Rf1 b5 19. a3 Ne4 20. Bxe4 dxe4 21. Qh5
Nf8 22. f5 Bxe5 23. dxe5 Qxe5 24. Bd4 Qd5 25. Qg5 e5 26. f6 Ng6 27. Be3 Re6 28.
fxg7 Nf4 29. Bxf4 e3 30. Nf5 e2 31. Re1 Qe4 32. Rxh7 Kxh7 33. Qh5+ 1-0

[Event "SC Bocholt 1-SC Rochade Emsdetten 1"]
[Site "?"]
[Date "2023.09.09"]
[Round "1.7"]
[White "Schmidt, Frank"]
[Black "Harbring, Thorben"]
[Result "1-0"]
[WhiteElo "1820"]
[BlackElo "1563"]
[PlyCount "55"]
[EventDate "2023.??.??"]
[SourceTitle "Verband Muensterland"]
[SourceDate "2023.10.23"]
[SourceVersion "1"]
[SourceVersionDate "2023.10.23"]
[SourceQuality "1"]
[WhiteTeam "Emsdetten Rochade"]
[BlackTeam "Bocholt"]
[WhiteTeamCountry "GER"]
[BlackTeamCountry "GER"]

1. d4 d5 2. c4 c6 3. e3 Bf5 4. Nc3 Nf6 5. Nf3 Nbd7 6. Bd3 Bg6 7. a3 e6 8. h3
Bd6 9. cxd5 cxd5 10. Bxg6 hxg6 11. Qd3 Rc8 12. e4 dxe4 13. Nxe4 Nxe4 14. Qxe4
Qb6 15. O-O O-O 16. Qh4 Nf6 17. Bg5 Nd5 18. b4 Rc4 19. Be3 Rfc8 20. Nd2 Rc3 21.
Ne4 Nxe3 22. fxe3 f6 23. Nxc3 Rxc3 24. Qe4 e5 25. Rfc1 exd4 26. exd4 Be5 27.
Rd1 Rc4 28. Qd5+ 1-0